Stages of desire : gay theatre's hidden history /

Wedi'i Gadw mewn:
Manylion Llyfryddiaeth
Prif Awdur: Miller, Carl (Awdur)
Fformat: Llyfr
Iaith:Saesneg
Cyhoeddwyd: London : Cassel, c1996
Tagiau: Ychwanegu Tag
Dim Tagiau, Byddwch y cyntaf i dagio'r cofnod hwn!

MARC

LEADER 00000nam a22000007i 4500
001 IT\ICCU\UBO\0263928
003 ItRI
005 20260115231814.0
008 970213s1996 xxk|||||| ||||| |||||c
020 |a 0304328154 (hardback) 
020 |a 0304328170 (paperback) 
040 |b ita  |c importazione bologna sebina 
041 7 |a eng  |2 ISO-639-2 
100 1 |a Miller, Carl  |0 IT\ICCU\RAVV\089334  |4 aut 
245 1 0 |a Stages of desire :  |b gay theatre's hidden history /  |c Carl Miller. 
260 |a London :  |b Cassel,  |c c1996 
300 |a VI, 281 p. ;  |c 22 cm. 
942 |2 ddc  |c BK  |n 0 
952 |0 0  |1 0  |4 0  |6 DOC_822_009000000000000_MIL  |7 0  |9 13074  |a BO  |b BO  |d 2026-01-15  |i 4291  |l 0  |o DOC 822.009 MIL  |p BO4291  |r 2026-01-15 23:18:14  |w 2026-01-15  |x [Sebina 5] [1 v.]  |y BK  |z 1 v. 
999 |c 11204  |d 11204